Chyby meraní zrážok a ich korekcie
Salvato in:
| Autore principale: | |
|---|---|
| Natura: | Manoscritto Libro |
| Lingua: | slovacco |
| Pubblicazione: |
Bratislava :
STU v Bratislave SvF,
1995
|
| Tags: |
Nessun Tag, puoi essere il primo ad aggiungerne!!
|
MARC
| LEADER | 00000ntm a22000003a 4500 | ||
|---|---|---|---|
| 001 | stu52833 | ||
| 005 | 20160721135328.5 | ||
| 008 | 000328s1995----xo------------------slo-d | ||
| 040 | |a STU |b slo | ||
| 041 | 0 | |a slo | |
| 044 | |a xo | ||
| 080 | |a 551.508.7(043.3) | ||
| 080 | |a 556.12(043.3) | ||
| 100 | 1 | |a Tihlárik, Radoslav |4 aut | |
| 245 | 1 | |a Chyby meraní zrážok a ich korekcie | |
| 260 | |a Bratislava : |b STU v Bratislave SvF, |c 1995 | ||
| 300 | |a 164.;tab.,schémy | ||
| 996 | |b 284V037525 |c V*2112/DŠ-19 |l VVS |s A |a 24 |w stu52833_0001 | ||